<?xml version="1.0" encoding="UTF-8"?>
<record
    xmlns:xsi="http://www.w3.org/2001/XMLSchema-instance"
    xsi:schemaLocation="http://www.loc.gov/MARC21/slim http://www.loc.gov/standards/marcxml/schema/MARC21slim.xsd"
    xmlns="http://www.loc.gov/MARC21/slim">

  <leader>01292    a2200265   4500</leader>
  <controlfield tag="003">OSt</controlfield>
  <controlfield tag="005">20180116192354.0</controlfield>
  <controlfield tag="008">120613t        xxu||||| |||| 00| 0 eng d</controlfield>
  <datafield tag="010" ind1=" " ind2=" ">
    <subfield code="a">  2008056013</subfield>
  </datafield>
  <datafield tag="020" ind1=" " ind2=" ">
    <subfield code="a">9780838757239 (alk. paper)</subfield>
  </datafield>
  <datafield tag="020" ind1=" " ind2=" ">
    <subfield code="a">0838757235 (alk. paper)</subfield>
  </datafield>
  <datafield tag="035" ind1=" " ind2=" ">
    <subfield code="a">(OCoLC)ocn298324412</subfield>
  </datafield>
  <datafield tag="040" ind1=" " ind2=" ">
    <subfield code="c">0</subfield>
  </datafield>
  <datafield tag="082" ind1="0" ind2="0">
    <subfield code="a">709.2</subfield>
  </datafield>
  <datafield tag="100" ind1="1" ind2=" ">
    <subfield code="a">Garci&#xCC;&#x81;a de la Rasilla, Carmen,</subfield>
    <subfield code="9">4564</subfield>
  </datafield>
  <datafield tag="245" ind1="1" ind2="0">
    <subfield code="a">Salvador Dali&#xCC;&#x81;'s literary self-portrait :</subfield>
    <subfield code="b">approaches to a surrealist autobiography /</subfield>
    <subfield code="c">Carmen Garci&#xCC;&#x81;a de la Rasilla ; translated by Fernando Gonza&#xCC;&#x81;lez de Leo&#xCC;&#x81;n.</subfield>
  </datafield>
  <datafield tag="260" ind1=" " ind2=" ">
    <subfield code="a">Lewisburg [Pa.] :</subfield>
    <subfield code="b">Bucknell University Press,</subfield>
    <subfield code="c">c2009.</subfield>
  </datafield>
  <datafield tag="300" ind1=" " ind2=" ">
    <subfield code="a">196 p. :</subfield>
    <subfield code="b">ill. ;</subfield>
    <subfield code="c">25 cm.</subfield>
  </datafield>
  <datafield tag="505" ind1="0" ind2=" ">
    <subfield code="a">List of illustrations -- Acknowledgments -- Introduction -- Story of the text -- Literary contexts and sources -- Structure and narrative in Dali&#xCC;&#x81;'s autobiography -- Parodic devices in The secret life -- Ut pictura poesis -- Epilogue -- Notes -- Works cited -- Index.</subfield>
  </datafield>
  <datafield tag="600" ind1="1" ind2="0">
    <subfield code="a">Dali&#xCC;&#x81;, Salvador,</subfield>
    <subfield code="d">1904-1989.</subfield>
    <subfield code="t">Vie secre&#xCC;&#x20AC;te de Salvador Dali&#xCC;&#x81;.</subfield>
    <subfield code="9">4565</subfield>
  </datafield>
  <datafield tag="650" ind1="1" ind2="0">
    <subfield code="a">Artists</subfield>
    <subfield code="z">Spain</subfield>
    <subfield code="x">History and criticism.</subfield>
    <subfield code="9">4566</subfield>
  </datafield>
  <datafield tag="650" ind1="1" ind2="0">
    <subfield code="a">Autobiography.</subfield>
    <subfield code="9">4567</subfield>
  </datafield>
  <datafield tag="942" ind1=" " ind2=" ">
    <subfield code="a">SADA</subfield>
    <subfield code="c">BK</subfield>
    <subfield code="k">709.2 GAR 2009</subfield>
    <subfield code="2">ddc</subfield>
  </datafield>
  <datafield tag="999" ind1=" " ind2=" ">
    <subfield code="c">353060</subfield>
    <subfield code="d">353060</subfield>
  </datafield>
  <datafield tag="952" ind1=" " ind2=" ">
    <subfield code="0">0</subfield>
    <subfield code="1">0</subfield>
    <subfield code="2">ddc</subfield>
    <subfield code="4">0</subfield>
    <subfield code="7">0</subfield>
    <subfield code="a">SADA</subfield>
    <subfield code="b">SADA</subfield>
    <subfield code="d">2011-06-16</subfield>
    <subfield code="l">3</subfield>
    <subfield code="m">1</subfield>
    <subfield code="o">709.2 GAR 2009</subfield>
    <subfield code="p">SADA0001317</subfield>
    <subfield code="r">2015-09-11</subfield>
    <subfield code="s">2015-06-16</subfield>
    <subfield code="v">4434.00</subfield>
    <subfield code="w">2011-08-05</subfield>
    <subfield code="y">BK</subfield>
    <subfield code="k">BOOK</subfield>
  </datafield>
</record>
